000 00215nam a22000857a 4500
008 161212b xxu||||| |||| 00| 0 eng d
100 _92002
_aNCERT
245 _aSocial Science(Geo) -VIII
260 _aNew Delhi
_bNCERT
_c2008
999 _c4851
_d4851